1617 1435 1823 1234 1983 1391 1583 1411 1567 1459 1874 1507 1940 1903 1219 1283 1250 1492 1410 1822 1198 1824 1641 1322 1276 1129 1828 1385 1480 1236 1551 1535 1238 1874 1753 1041 1907 1733 1100 1755 1837 1526 1521 1432 1199 1701 1188 1550 1263 1075 1118 1968 1983 1572 1755 1460 1212 1256 1898 1735 1357 1847 1671 1974 1821 1951 1165 1964 1619 1231 1864 1966 1678 1808 1912 1673 1978 1815 1917 1584 1837 1676 1453 1150 1175 1446 1074 1113 1635 1328 1464 1815 1521 1091 1418 1174 1209 1257 1489 BCNSPRNW ULIB Ver.6.0+V

เปลี่ยนเป็นภาษาไทย

Change to English
 แสดงรายละเอียดบรรณานุกรม
  กลับหน้าหลัก

Brief Record : Get Marc (ISO 2709) : E-mail record : QR code < ปิดหน้าต่าง
LEADER : 00000nam 2200000uu 4500
001    13399113439
003     ULIB
008    110915s2554 th a 000 0 tha d
020    ^a9786167375700
060 04 ^aQV250^bT794 2554
245 00 ^aTrends in infectious disease pharmacotherapy 2011 /
250    ^aพิมพ์ครั้งที่ 1
260    ^aสงขลา :^bภาควิชาเภสัชกรรมคลินิก คณะเภสัชศาสตร์
300    ^a(8), 368 หน้า :^bภาพประกอบ ;^c27 :,.
650  4 ^aการใช้ยา
650  4 ^aการดื้อยา
650  4 ^aยา^xการบำบัด
700 0  ^aณัฐาศิริ ฐานะวุฑฒ์,^eบรรณาธิการ
710 2  ^aมหาวิทยาลัยสงขลานครินทร์. ^bคณะเภสัชศาสตร์.
945    ^p380^l0^i030710
945    ^p380^l0^i030711
945    ^p380^l0^i030712
995    ^aเกษร
999 ^a ใช้งานได้ทุกระบบ
รายการนี้ยังไม่มีแท็ก
คุณยังไม่ได้ล็อกอิน คุณสามารถมีกิจกรรมร่วมกับเว็บไซต์ได้ แต่ต้องล็อกอินก่อน ::
  ล็อกอิน

รายการสื่อสารสนเทศ

ลำดับที่ ประเภท เลขเรียก/บาร์โค้ด สถานที่ สถานะ
1. วิทยาศาสตร์การแพทย์ และสุขภาพ
วิทยาศาสตร์การแพทย์ และสุขภาพ
QV250 T794 2554 ฉ.2 
  Barcode: 030711
ห้องสมุดวิทยาเขตสวรรค์ประชารักษ์
►ส่วนจัดเก็บหนังสือเก่า สปร
บนชั้น
  ขอยืม
2. วิทยาศาสตร์การแพทย์ และสุขภาพ
วิทยาศาสตร์การแพทย์ และสุขภาพ
QV250 T794 2554 ฉ.3 
  Barcode: 030712
ห้องสมุดวิทยาเขตสวรรค์ประชารักษ์
►ส่วนจัดเก็บหนังสือเก่า สปร
บนชั้น
  ขอยืม

รายการใกล้เคียง
    หัวเรื่อง [การใช้ยา]
    หัวเรื่อง [การดื้อยา]

BibComment


ยังไม่เคยถูกคอมเมนท์

คอมเมนท์ทรัพยากรรายการนี้
  คอมเมนท์: Trends in infect..


 Copyright 2026. Bcnsprnw @Library